00673nam a22002057a 4500003000500000005001700005008004100022010001000063011001000073035001000083040000900093100002900102245008400131260007200215300001000287490001500297650003300312711010700345830001500452CHAP20220329140511.0971013s1966 r 00010 d a52932 a53904 a58054 cCHAP00aSánchez Navarro, Juan. aAgriculture and the agrarian problem in Latin Americab: the Mexican experience aMéxico :bInteramerican Council of Commerce and Production,c1966 a26 h. aPanelv; 314aTierrasxTenenciazMéxico.0 aConsejo Interamericano de Comercio y Producción. Reunión Plenaria (n11d: 1966c: México, D.F.)0 aPanelv; 3